000 01364cam a2200385 a 4500
001 2142
003 FISKH
005 20231110095646.0
008 030108s2003 nyua c 000 1 eng
010 _a 2003000127
020 _a0399231811
020 _a9780439071710
040 _aDLC
_cDLC
_dDLC
_beng
042 _alcac
050 0 0 _aPZ7.D2394
_bIp 2003
082 0 0 _a813.54
_221
100 1 _aDanziger, Paula,
_d1944-2004.
245 1 0 _aAmber Brown is green with envy /
_cPaula Danziger ; illustrated by Tony Ross.
250 _aFirst Scholastic printing, August 2004
260 _aNew York :
_bScholastic,
_c2003
300 _a151 pages :
_billustrations ;
_c20 cm
505 _aO
520 _aFourth-grader Amber Brown must make some important decisions when her mother and Max move their wedding date up and prepare to buy a house together, while her father makes some bad choices of his own.
521 8 _a600
_bLexile
521 8 _aO
_bRaz-Plus
650 1 _aFathers and daughters
_vFiction.
650 1 _aMothers and daughters
_vFiction.
650 1 _aDivorce
_vFiction.
650 1 _aCustody of children
_vFiction.
650 1 _aMoving, Household
_vFiction.
650 1 _aFamily life
_zNew Jersey
_vFiction.
700 1 _aRoss, Tony,
_eillustrator
906 _a7
_bcbc
_corignew
_d1
_eecip
_f20
_gy-gencatlg
942 _2ddc
_cBK
_n0
999 _c2142
_d2142